000 00576nam a22002057a 4500
003 OSt
005 20140310181706.0
008 121122t xxu||||| |||| 00| 0 eng d
020 _a072140295X
050 _aPZ 8
_b.So727 1971
082 _aKF
_bSo8m 1971
100 _aSouthgate, Vera
_96723
245 _aThe Magic Porridge pot /
_cVera Southgate ; illustrated by: Robert Lumle.
260 _aUnited Kingdom:
_bLadybird Books,
_c1971.
300 _g17 cm.
_a50 p. :
_bill. col. ;
541 _j1
562 _e1
650 _aFiction.
_9746
942 _2lcc
_cBK-KF
_kKF
999 _c1356
_d1356